| 000 | 00805nam a2200277 a 4500 | ||
|---|---|---|---|
| 003 | AR-BaBNM | ||
| 005 | 20251128210745.0 | ||
| 008 | 082120s2002 ||||||||||||||000 | spa|| | ||
| 020 | _a950-05-1168-1 | ||
| 040 | _cAR-BaBNM | ||
| 100 | 1 | _aCorbatta, Jorgelina | |
| 245 | 0 | 0 |
_aNarrativas de la guerra sucia en Argentina _bPiglia, Saer, Valenzuela, Puig |
| 260 |
_aBuenos Aires _bEdiciones Corregidor _c1999 |
||
| 300 | _a174 p. | ||
| 500 | _aContiene referencias bibliográficas | ||
| 650 | 4 | _aLITERATURA ARGENTINA | |
| 650 | 4 | _aCRITICA LITERARIA | |
| 650 | 4 | _aESCRITORES | |
| 650 | 4 | _aDESAPARICION DE PERSONAS | |
| 650 | 4 | _aEXILIO | |
| 650 | 4 | _aVIOLACION DE LOS DERECHOS HUMANOS | |
| 653 | _aPROCESO DE REORGANIZACION NACIONAL | ||
| 655 | _aLITERATURA | ||
| 942 | _cBK | ||
| 998 | _cMARTIN | ||
| 999 |
_c16763 _d16763 |
||